logo

Bir Sreshtho Munshi Abdur Rouf Library
Jhenaidah Cadet College

উসমান ইবনু আফফান : (Record no. 12512)

MARC details
000 -LEADER
fixed length control field 01109nam a2200253 a 4500
001 - CONTROL NUMBER
JCCL Control Number 12512
003 - CONTROL NUMBER IDENTIFIER
JCCL marc code BD-JhCC
005 - DATE AND TIME OF LATEST TRANSACTION
control field 20220420111224.0
008 - FIXED-LENGTH DATA ELEMENTS--GENERAL INFORMATION
fixed length control field 220420b2019 bg |||| ||a| 001 0 ben d
020 ## - INTERNATIONAL STANDARD BOOK NUMBER
International Standard Book Number 9789848046418
035 ## - SYSTEM CONTROL NUMBER
system control number (BD-JhCC)12512
040 ## - CATALOGING SOURCE
Original cataloging agency BD-JhCC
Modifying agency BD-JhCC
041 ## - LANGUAGE CODE
Language code of Book Bengali
082 ## - DEWEY DECIMAL CLASSIFICATION NUMBER
Classification number 297.18
Author mark and Year SAL 2019
100 ## - MAIN ENTRY--PERSONAL NAME
Personal name সাল্লাবি,ড.আলি মুহাম্মদ
245 ## - TITLE STATEMENT
Title উসমান ইবনু আফফান :
Remainder of title জীবন ও শাসন /
Statement of responsibility, etc ড.আলি মুহাম্মদ সাল্লাবি, অনু: মাসুদ শরীফ ও আবদুল আহাদ, সম্পা: আবু তাসফিয়া আহমদ রফিক।
260 ## - PUBLICATION, DISTRIBUTION, ETC. (IMPRINT)
Place of publication, distribution, etc ঢাকা :
Name of publisher, distributor, etc সিয়ান পাবলিকেশন লিমিটেড ;
Date of publication, distribution, etc ২০১৯.
300 ## - PHYSICAL DESCRIPTION
Pagination 515 p. :
Dimensions 22 cm.
650 ## - SUBJECT ADDED ENTRY--TOPICAL TERM
Topical term or geographic name as entry element Muslim Legend
700 ## - ADDED ENTRY--PERSONAL NAME
Personal name আহাদ,মাসুদ শরীফ ও আবদুল
700 ## - ADDED ENTRY--PERSONAL NAME
Personal name রফিক,আবু তাসফিয়া আহমদ
942 ## - ADDED ENTRY ELEMENTS (KOHA)
Source of classification or shelving scheme Dewey Decimal Classification
Koha item type Books
Holdings
Source of classification or shelving scheme Damaged status Not for loan Home library Current library Shelving location Date of accession Cost, normal purchase price Total Checkouts Full call number Barcode Date last seen Copy number Koha item type
Dewey Decimal Classification     JCC Rouf Library JCC Rouf Library General Stacks 12/06/2021 585.00   297.18 SAL 2019 17004 04/20/2022 C-1 Books

JCC Library | Contacts | JCC Home

Last Update on 23 September 2017
Copyright @ 2017-2020 JCC Rouf Library
Rouf Library, Jhenidah Cadet College (JCC), Bangladesh